|
|
|
|
| LEADER |
01087nam a22002772a 4500 |
| 001 |
000081223 |
| 003 |
CZ BrMZK |
| 005 |
19950407143423.0 |
| 008 |
960707s1990 xr f cze d |
| 015 |
|
|
|a cnb000053254
|
| 035 |
|
|
|a (OCoLC)39405427
|
| 040 |
|
|
|a BOA001
|b cze
|
| 080 |
|
|
|a 372.851(075.2):376.353
|2 MRF
|
| 100 |
1 |
|
|a Kohút, Vladimír
|7 jx20040720015
|
| 245 |
1 |
0 |
|a Matematika pro 2. ročník ZŠ pro neslyšící a pro žáky se zbytky sluchu.
|n Část 1 /
|c Vladimír Kohút, Mária Kyselá
|
| 250 |
|
|
|a 3. vyd.
|
| 260 |
|
|
|a Praha :
|b SPN,
|c 1990
|
| 300 |
|
|
|a 112 s.
|
| 490 |
1 |
|
|a Učebnice pro základní školy
|
| 700 |
1 |
|
|a Kyselá, Mária
|7 jx20040130017
|
| 830 |
|
0 |
|a Učebnice pro základní školy
|
| 856 |
4 |
1 |
|u http://www.digitalniknihovna.cz/mzk/uuid/uuid:1272efe0-8333-11e3-a606-005056827e51
|y Digitalizovaný dokument
|x NDK
|
| 910 |
|
|
|a BOA001
|b PK-N-0028.345,1
|
| 964 |
|
|
|a Matematika - učebnice - školy základní pro děti s vadami sluchu
|
| 990 |
|
|
|a BK
|
| 996 |
7 |
|
|b 3119966587
|c PK-N-0028.345/1
|l MZK
|r Sklad / do 1 hodiny
|n 0
|w 000081223
|u 000010
|a 1
|e BOA001
|j MZK50
|s A
|